<?xml version="1.0" encoding="UTF-8"?>
<record
    xmlns:xsi="http://www.w3.org/2001/XMLSchema-instance"
    xsi:schemaLocation="http://www.loc.gov/MARC21/slim http://www.loc.gov/standards/marcxml/schema/MARC21slim.xsd"
    xmlns="http://www.loc.gov/MARC21/slim">

  <leader>01474cam a2200301 i 4500</leader>
  <controlfield tag="003">SA-RiAUC</controlfield>
  <controlfield tag="005">20260114134300.0</controlfield>
  <controlfield tag="008">260103s1896____su     g      000k0 ara c</controlfield>
  <datafield tag="040" ind1=" " ind2=" ">
    <subfield code="a">SA-RiKAPL</subfield>
    <subfield code="b">ara</subfield>
    <subfield code="c">SA-RiAUC</subfield>
    <subfield code="e">rda</subfield>
  </datafield>
  <datafield tag="043" ind1=" " ind2=" ">
    <subfield code="a">a-su---</subfield>
  </datafield>
  <datafield tag="082" ind1="0" ind2="4">
    <subfield code="a">953.121 </subfield>
  </datafield>
  <datafield tag="090" ind1=" " ind2=" ">
    <subfield code="a">&#x645; &#x646; 953.121</subfield>
    <subfield code="b">&#x62D; &#x636; &#x631;</subfield>
  </datafield>
  <datafield tag="100" ind1="1" ind2=" ">
    <subfield code="a">&#x627;&#x644;&#x62D;&#x636;&#x631;&#x627;&#x648;&#x64A;&#x60C; &#x623;&#x62D;&#x645;&#x62F; &#x628;&#x646; &#x645;&#x62D;&#x645;&#x62F; &#x628;&#x646; &#x623;&#x62D;&#x645;&#x62F;&#x60C;</subfield>
    <subfield code="d">1252-1327 &#x647;&#x62C;&#x631;&#x64A;</subfield>
    <subfield code="e">&#x645;&#x624;&#x644;&#x641;.</subfield>
  </datafield>
  <datafield tag="245" ind1="1" ind2="0">
    <subfield code="a">&#x643;&#x62A;&#x627;&#x628; &#x627;&#x644;&#x639;&#x642;&#x62F; &#x627;&#x644;&#x62B;&#x645;&#x64A;&#x646; &#x641;&#x64A; &#x641;&#x636;&#x627;&#x626;&#x644; &#x627;&#x644;&#x628;&#x644;&#x62F; &#x627;&#x644;&#x623;&#x645;&#x64A;&#x646; &#x61B;</subfield>
    <subfield code="b">&#x628;&#x647;&#x627;&#x645;&#x634;&#x647; &#x643;&#x62A;&#x627;&#x628; &#x627;&#x644;&#x631;&#x636;&#x627; &#x648;&#x627;&#x644;&#x642;&#x628;&#x648;&#x644; &#x641;&#x64A; &#x641;&#x636;&#x627;&#x626;&#x644; &#x627;&#x644;&#x645;&#x62F;&#x64A;&#x646;&#x629; &#x648;&#x632;&#x64A;&#x627;&#x631;&#x629; &#x633;&#x64A;&#x62F;&#x646;&#x627; &#x627;&#x644;&#x631;&#x633;&#x648;&#x644; /</subfield>
    <subfield code="c">&#x623;&#x62D;&#x645;&#x62F; &#x628;&#x646; &#x645;&#x62D;&#x645;&#x62F; &#x627;&#x644;&#x62D;&#x636;&#x631;&#x627;&#x648;&#x64A;.</subfield>
  </datafield>
  <datafield tag="246" ind1="3" ind2="0">
    <subfield code="a">&#x627;&#x644;&#x639;&#x642;&#x62F; &#x627;&#x644;&#x62B;&#x645;&#x64A;&#x646; &#x641;&#x64A; &#x641;&#x636;&#x627;&#x626;&#x644; &#x627;&#x644;&#x628;&#x644;&#x62F; &#x627;&#x644;&#x623;&#x645;&#x64A;&#x646;</subfield>
  </datafield>
  <datafield tag="264" ind1=" " ind2="1">
    <subfield code="a">&#x645;&#x643;&#x629; &#x627;&#x644;&#x645;&#x643;&#x631;&#x645;&#x629; :</subfield>
    <subfield code="b">&#x627;&#x644;&#x645;&#x637;&#x628;&#x639;&#x629; &#x627;&#x644;&#x645;&#x64A;&#x631;&#x64A;&#x629;&#x60C;</subfield>
    <subfield code="c">[1896]</subfield>
  </datafield>
  <datafield tag="300" ind1=" " ind2=" ">
    <subfield code="a">81&#x60C; 15 &#x635;&#x641;&#x62D;&#x629; &#x61B;</subfield>
    <subfield code="c">28 &#x633;&#x645;</subfield>
  </datafield>
  <datafield tag="336" ind1=" " ind2=" ">
    <subfield code="a">&#x646;&#x635;</subfield>
    <subfield code="b">txt</subfield>
    <subfield code="2">rdacontent</subfield>
    <subfield code="3">&#x643;&#x62A;&#x627;&#x628;</subfield>
  </datafield>
  <datafield tag="337" ind1=" " ind2=" ">
    <subfield code="a">&#x628;&#x62F;&#x648;&#x646; &#x648;&#x633;&#x64A;&#x637;</subfield>
    <subfield code="b">n</subfield>
    <subfield code="2">rdamedia</subfield>
  </datafield>
  <datafield tag="338" ind1=" " ind2=" ">
    <subfield code="a">&#x645;&#x62C;&#x644;&#x62F;</subfield>
    <subfield code="b">nc</subfield>
    <subfield code="2">rdacarrier</subfield>
  </datafield>
  <datafield tag="351" ind1=" " ind2=" ">
    <subfield code="b">&#x645;&#x631;&#x62A;&#x628;&#x629; &#x628;&#x646;&#x638;&#x627;&#x645; &#x627;&#x644;&#x62A;&#x639;&#x642;&#x64A;&#x628;&#x627;&#x62A;.</subfield>
  </datafield>
  <datafield tag="651" ind1=" " ind2="7">
    <subfield code="a">&#x645;&#x643;&#x629; &#x627;&#x644;&#x645;&#x643;&#x631;&#x645;&#x629;</subfield>
    <subfield code="x">&#x641;&#x636;&#x627;&#x626;&#x644;</subfield>
    <subfield code="2">aucsh</subfield>
  </datafield>
  <datafield tag="651" ind1=" " ind2="7">
    <subfield code="a">&#x627;&#x644;&#x645;&#x62F;&#x64A;&#x646;&#x629; &#x627;&#x644;&#x645;&#x646;&#x648;&#x631;&#x629;</subfield>
    <subfield code="x">&#x641;&#x636;&#x627;&#x626;&#x644;</subfield>
    <subfield code="2">aucsh</subfield>
  </datafield>
  <datafield tag="740" ind1="2" ind2="2">
    <subfield code="a">&#x627;&#x644;&#x631;&#x636;&#x627; &#x648;&#x627;&#x644;&#x642;&#x628;&#x648;&#x644; &#x641;&#x64A; &#x641;&#x636;&#x627;&#x626;&#x644; &#x627;&#x644;&#x645;&#x62F;&#x64A;&#x646;&#x629; &#x648;&#x632;&#x64A;&#x627;&#x631;&#x629; &#x633;&#x64A;&#x62F;&#x646;&#x627; &#x627;&#x644;&#x631;&#x633;&#x648;&#x644;.</subfield>
  </datafield>
  <datafield tag="856" ind1="4" ind2=" ">
    <subfield code="u">http://10.10.10.21/hipres/6177/book.Web/bookTestPage.html</subfield>
  </datafield>
  <datafield tag="942" ind1=" " ind2=" ">
    <subfield code="2">ddc</subfield>
    <subfield code="c">RBOOK COPY</subfield>
    <subfield code="n">0</subfield>
  </datafield>
  <datafield tag="949" ind1=" " ind2=" ">
    <subfield code="a">SA-JeALM</subfield>
    <subfield code="d">260103</subfield>
    <subfield code="u">mohamedma123</subfield>
    <subfield code="n">1</subfield>
  </datafield>
  <datafield tag="952" ind1=" " ind2=" ">
    <subfield code="0">0</subfield>
    <subfield code="1">0</subfield>
    <subfield code="2">ddc</subfield>
    <subfield code="4">0</subfield>
    <subfield code="7">0</subfield>
    <subfield code="a">WAHAB</subfield>
    <subfield code="b">WAHAB</subfield>
    <subfield code="d">2026-01-14</subfield>
    <subfield code="l">0</subfield>
    <subfield code="o">&#x645; &#x646; 953.121 &#x62D; &#x636; &#x631;</subfield>
    <subfield code="p">000022476</subfield>
    <subfield code="r">2026-01-14 13:42:38</subfield>
    <subfield code="w">2026-01-14</subfield>
    <subfield code="y">RBOOK COPY</subfield>
  </datafield>
  <datafield tag="952" ind1=" " ind2=" ">
    <subfield code="0">0</subfield>
    <subfield code="1">0</subfield>
    <subfield code="2">ddc</subfield>
    <subfield code="4">0</subfield>
    <subfield code="7">0</subfield>
    <subfield code="a">WAHAB</subfield>
    <subfield code="b">WAHAB</subfield>
    <subfield code="d">2026-01-14</subfield>
    <subfield code="l">0</subfield>
    <subfield code="o">&#x645; &#x646; 953.121 &#x62D; &#x636; &#x631;</subfield>
    <subfield code="p">000022493</subfield>
    <subfield code="r">2026-01-14 14:38:41</subfield>
    <subfield code="w">2026-01-14</subfield>
    <subfield code="y">RBOOK COPY</subfield>
  </datafield>
  <datafield tag="952" ind1=" " ind2=" ">
    <subfield code="0">0</subfield>
    <subfield code="1">0</subfield>
    <subfield code="2">ddc</subfield>
    <subfield code="4">0</subfield>
    <subfield code="7">0</subfield>
    <subfield code="a">WAHAB</subfield>
    <subfield code="b">WAHAB</subfield>
    <subfield code="d">2026-03-13</subfield>
    <subfield code="l">0</subfield>
    <subfield code="o">&#x645; &#x646; 953.121 &#x62D; &#x636; &#x631;</subfield>
    <subfield code="p">000023050</subfield>
    <subfield code="r">2026-03-13 12:38:24</subfield>
    <subfield code="w">2026-03-13</subfield>
    <subfield code="y">RBOOK COPY</subfield>
  </datafield>
  <datafield tag="999" ind1=" " ind2=" ">
    <subfield code="c">14063</subfield>
    <subfield code="d">14063</subfield>
  </datafield>
</record>
